European Football Stadiums with 50.000+ Capacity - Sudden Death - Statistics

General Stats
  • This quiz has been taken 131 times
  • The average score is 13 of 64
Answers on the Grid
Answers color-coded by a green-red scale on the quiz's grid according to % correct below.
Camp Nou
Wembley Stadium
Estadio Santiago Bernabéu
Croke Park
Signal Iduna Park
Stade de France
Grand Sports Arena of the Luzhniki Olympic Complex
Stadio Giuseppe Meazza
Atatürk Olimpiyat Stadyumu
Old Trafford
Allianz Arena
Principality Stadium
Olympiastadion
Stadio Olimpico
Riyadh Air Metropolitano
Olympic National Sports Complex Stadium
Olympic Stadium
Olympiastadion München
Gazprom Arena
Orange Vélodrome
Puskás Aréna
Scottish Gas Murrayfield Stadium
London Stadium
Estádio do Sport Lisboa e Benfica
Tottenham Hotspur Stadium
VELTINS-Arena
Anfield
Estadio Benito Villamarín
MHPArena
Celtic Park
Emirates Stadium
Groupama Stadium
Kazimierz Górski National Stadium
Stadio San Nicola
Deutsche Bank Park
Estadio La Cartuja de Sevilla
Volksparkstadion
Estadi Olímpic Lluís Companys
Arena Națională
Stadion Rajko Mitić
Stadion Śląski
Etihad Stadium
Mestalla
Plovdiv Stadium
Johan Cruijff Arena
Stadio Diego Armando Maradona
MERKUR SPIEL-ARENA
BORUSSIA-PARK
RAMS Park
San Mamés
St. James' Park
Hampden Park
Aviva Stadium
Donbas Arena
Stadion Feijenoord
Ibrox Stadium
Ernst-Happel-Stadion
Strawberry Arena
Stade Pierre-Mauroy
Stade Roi Baudouin
Estádio José Alvalade
Estádio do Dragão
RheinEnergieSTADION
Max-Morlock-Stadion
Fritz-Walter-Stadion
Heinz-von-Heiden-Arena
Parc des Princes
Stadium of Light
Stadio Artemio Franchi
Estadio Ramón Sánchez Pizjuán
Lukoil Arena
Tarczyński Arena Wrocław
Kazan Arena
Red Bull Arena
Polsat Plus Arena Gdańsk
Stadion Miejski w Poznaniu
Vasil Levski National Stadium
Ullevi
Villa Park
Weserstadion
Matmut ATLANTIQUE
Helsingin Olympiastadion
Stade Geoffroy-Guichard
Vodafone Park
Allianz Stadium
Stamford Bridge
Stage Front Stadium
Goodison Park
Metalist Stadium
Fisht Olympic Stadium
 
Answer Stats
Answer % Correct
Old Trafford
52%
Wembley Stadium
48%
Camp Nou
45%
Tottenham Hotspur Stadium
45%
Allianz Arena
44%
Emirates Stadium
42%
Signal Iduna Park
42%
Anfield
38%
Olympiastadion
38%
Stade de France
38%
Johan Cruijff Arena
36%
London Stadium
35%
Olympiastadion München
35%
Stadio Giuseppe Meazza
35%
Stadio Olimpico
35%
Estadio Santiago Bernabéu
33%
Etihad Stadium
32%
Celtic Park
29%
Puskás Aréna
29%
Riyadh Air Metropolitano
27%
St. James' Park
27%
Orange Vélodrome
24%
Stadio Diego Armando Maradona
24%
VELTINS-Arena
24%
Estádio do Dragão
23%
Gazprom Arena
23%
Olympic Stadium
23%
BORUSSIA-PARK
21%
Volksparkstadion
20%
Atatürk Olimpiyat Stadyumu
18%
Estádio do Sport Lisboa e Benfica
18%
Grand Sports Arena of the Luzhniki Olympic Complex
17%
Hampden Park
17%
Mestalla
15%
San Mamés
15%
Deutsche Bank Park
14%
Donbas Arena
14%
Ibrox Stadium
14%
Principality Stadium
14%
Scottish Gas Murrayfield Stadium
12%
Estadio La Cartuja de Sevilla
11%
Arena Națională
9%
Estadio Benito Villamarín
9%
RheinEnergieSTADION
9%
Aviva Stadium
8%
Croke Park
8%
Estádio José Alvalade
8%
Max-Morlock-Stadion
8%
MERKUR SPIEL-ARENA
8%
Stadio San Nicola
8%
Ernst-Happel-Stadion
6%
Groupama Stadium
6%
MHPArena
6%
Olympic National Sports Complex Stadium
6%
Stadion Feijenoord
6%
Estadi Olímpic Lluís Companys
5%
Kazimierz Górski National Stadium
3%
Stade Pierre-Mauroy
3%
Stade Roi Baudouin
3%
Stadion Śląski
3%
Strawberry Arena
3%
RAMS Park
2%
Stadion Rajko Mitić
2%
Plovdiv Stadium
0%
No matching quizzes found
Score Distribution
Percent of People with Each Score
Percentile by Number Answered
Your Score History
You have not taken this quiz